Normal view
MARC view
- অধ্যক্ষ মোঃ আলতাফ হোসেন
Entry Personal Name
001 - CONTROL NUMBER
- control field: 5412
003 - CONTROL NUMBER IDENTIFIER
- control field: OSt
005 - DATE AND TIME OF LATEST TRANSACTION
- control field: 20230728082819.0
008 - FIXED-LENGTH DATA ELEMENTS
- fixed length control field: 230728|| aca||aabn | a|a d
040 ## - CATALOGING SOURCE
- Original cataloging agency: OSt
- Transcribing agency: OSt
100 ## - HEADING--PERSONAL NAME
- Personal name: অধ্যক্ষ মোঃ আলতাফ হোসেন
670 ## - SOURCE DATA FOUND
- Source citation: Work cat.: (OSt)3428: হোসেন, অধ্যক্ষ মোঃ আলতাফ 5297, ইসলামিক জুরিসপডেন্স ও মুসলিম আইন সহায়িকা/ , c2007
